Compo de l'équipe de France à Wembley, 6 nations 2023 - Statistiques

Statistiques générales
  • Ce quiz a été pris 25 fois
  • Le résultat moyen est 15 sur 24
Statistiques - réponses
Numéro Joueur % Correct
9 (cap.) Antoine DUPONT
100%
10 Romain NTAMACK
100%
15 Thomas RAMOS
100%
14 Damian PENAUD
95%
2 Julien MARCHAND
84%
7 Charles OLLIVON
74%
8 Grégory ALLDRITT
74%
16 Peato MAUVAKA
74%
1 Cyril BAILLE
68%
6 François CROS
68%
13 Gael FICKOU
68%
4 Thibaud FLAMENT
68%
12 Jonathan DANTY
63%
11 Ethan DUMORTIER
58%
21 Maxime LUCU
58%
17 Reda WARDI
58%
22 Yoram MOEFANA
58%
Entraîneur Fabien GALTHIE
53%
5 Paul WILLEMSE
53%
3 Dorian ALDEGHERI
42%
23 Melvyn JAMINET
37%
19 Romain TAOFIFENUA
37%
18 Sipili FALATEA
21%
20 Sekou MACALOU
5%
Aucun quiz correspondant
Distribution des résultats
% des personnes avec chaque résultat
Percentile par nombre de réponses
Votre historique - résultats
Vous n’avez pas pris ce quiz